| 000 | 00565nam a2200181 a 4500 | ||
|---|---|---|---|
| 001 | 000011863 | ||
| 005 | 20200929162609.0 | ||
| 008 | 091028s1973 ag 001 0 spa d | ||
| 040 |
_aDO-SdBNP _bspa _cBNPHU |
||
| 082 |
_a401.43 _bS471f |
||
| 245 | 0 | 0 |
_aSemántica filosófica : _bproblemas y discusiones / _ccompilador, Thomas Moro Simpson. |
| 260 |
_aBuenos Aires : _bSiglo XXI, _c1973. |
||
| 300 |
_a476 p. ; _c20 cm. |
||
| 650 | 4 |
_aSemántica (filosofía) _927878 |
|
| 650 | 4 |
_aSemántica _927831 |
|
| 700 | 1 |
_aMoro Simpson, Thomas, _ecomp. _928040 |
|
| 049 | _aBNGR | ||
| 999 |
_c11537 _d11537 |
||